Statistics for Mcdonalds Burgers, Wraps, And Sandwiches

Click here to take the quiz!

General Stats

  • This quiz has been taken 87 times
  • The average score is 5 of 18

Answer Stats

Answer% Correct
Big Mac
95%
McChicken
69%
Cheeseburger
68%
Hamburger
58%
Double Cheeseburger
46%
Quarter Pounder With Cheese
38%
Filet O Fish
31%
McDouble
29%
Double Big Mac
9%
Junior Chicken
6%
Double Filet O Fish
4%
Chicken Snack Wrap
3%
Agnus Classic Bacon And Cheese
1%
Chicken And Bacon Signature McWrap
1%
Country Chicken
1%
Mighty Agnus
1%
Quarter Pounder BLT
1%
Sweet Chili Signature McWrap
1%

Score Distribution

Percentile by Number Answered

Percent of People with Each Score

Your Score History

You have not taken this quiz